Eels / (Record no. 5785)

MARC details
000 -LEADER
fixed length control field 01218cam a22003494a 4500
001 - CONTROL NUMBER
control field 5785
003 - CONTROL NUMBER IDENTIFIER
control field FISKH
005 - DATE AND TIME OF LATEST TRANSACTION
control field 20250122104639.0
008 - FIXED-LENGTH DATA ELEMENTS--GENERAL INFORMATION
fixed length control field 050811s2006 flua j b 001 0 eng
010 ## - LIBRARY OF CONGRESS CONTROL NUMBER
LC control number 2005023376
020 ## - INTERNATIONAL STANDARD BOOK NUMBER
International Standard Book Number 1595154388 (hardcover)
020 ## - INTERNATIONAL STANDARD BOOK NUMBER
International Standard Book Number 9781606947937
040 ## - CATALOGING SOURCE
Original cataloging agency DLC
Transcribing agency DLC
Modifying agency DLC
Language of cataloging eng
050 ## - LIBRARY OF CONGRESS CALL NUMBER
Classification number QL637.A5
082 ## - DEWEY DECIMAL CLASSIFICATION NUMBER
Classification number 597.43
100 1# - MAIN ENTRY--PERSONAL NAME
Personal name Stone, Lynn M.
245 10 - TITLE STATEMENT
Title Eels /
Statement of responsibility, etc. Lynn M. Stone.
260 ## - PUBLICATION, DISTRIBUTION, ETC.
Place of publication, distribution, etc. Florida :
Name of publisher, distributor, etc. Rourke Publishing,
Date of publication, distribution, etc. 2006.
300 ## - PHYSICAL DESCRIPTION
Extent 24 pages :
Other physical details color illustrations ;
Dimensions 19 x 20 cm
440 #0 - SERIES STATEMENT/ADDED ENTRY--TITLE
Title Rourke discovery library
490 1# - SERIES STATEMENT
Series statement Marine life
500 ## - GENERAL NOTE
General note Eels -- What eels look like -- Where eels live -- Predator and prey -- The eel's life cycle -- Eels and people.
504 ## - BIBLIOGRAPHY, ETC. NOTE
Bibliography, etc. note Includes bibliographical references (p. 24).
505 0# - FORMATTED CONTENTS NOTE
Formatted contents note K<br/>
520 ## - SUMMARY, ETC.
Summary, etc. Presents an introduction to eels, in simple text with illustrations, including information on their physical characteristics, habitat, behavior, and life cycle.<br/>
521 8# - TARGET AUDIENCE NOTE
Target audience note 510<br/>
Source Lexile estimate <br/>
521 8# - TARGET AUDIENCE NOTE
Target audience note K<br/>
Source Raz-Plus<br/>
650 #0 - SUBJECT ADDED ENTRY--TOPICAL TERM
Topical term or geographic name entry element Eels
Form subdivision Juvenile literature.
906 ## - LOCAL DATA ELEMENT F, LDF (RLIN)
a 7
b cbc
c orignew
d 1
e ecip
f 20
g y-gencatlg
942 ## - ADDED ENTRY ELEMENTS (KOHA)
Source of classification or shelving scheme Dewey Decimal Classification
Koha item type Books
Suppress in OPAC No
Holdings
Withdrawn status Lost status Source of classification or shelving scheme Damaged status Not for loan Collection Home library Current library Shelving location Date acquired Total Checkouts Full call number Barcode Date last seen Copy number Price effective from Koha item type
    Dewey Decimal Classification     Non-Fiction Footprints International School Library Network Toul Kork Campus Footprints International School Library Network Toul Kork Campus TK Primary Library Room(4th Floor), Bookcase 3&4, Shelves 17-32, Yellow Books 01/22/2025   STO 597.43 QL637.A5 FISTK02526 01/22/2025 1 01/22/2025 Books
    Dewey Decimal Classification     Non-Fiction Footprints International School Library Network Toul Tom Poung Campus Footprints International School Library Network Toul Tom Poung Campus TTP Primary Yellow Bookshelves 09/09/2025   STO 597.43 QL637.A5 FIS02979 09/09/2025 2 09/09/2025 Books